Statystyki dla 10 największych miast w Tajlandii

Kliknij tutaj aby rozwiązać quiz!

Ogólne statystyki

  • Ten quiz został rozwiązany 24 razy
  • Średni wynik to 3 z 10

Statystyki odpowiedzi

Liczba mieszkańcówNazwa miasta% Poprawnych
5 713 288Bangkok
100%
142 632Chiang Mai
38%
114 335Khon Kaen
21%
120 569Mae Sot
21%
158 007Hat Yai
17%
142 645Nakhon Ratchasima
17%
262 158Nonthaburi
17%
178 114Pak Kret
17%
125 548Surat Thani
17%
138 332Udon Thani
17%

Rozkład punktacji

Percentyl według liczby udzielonych odpowiedzi

Procent ludzi z każdym wynikiem

Twoja historia wyników

Nie rozwiązałeś tego quizu